Concerto in A minor for violin, cello and orchestra, op. 102 /

Bibliographic Details
Main Author: Brahms, Johannes, 1833-1897 (Composer)
Corporate Author: Philadelphia Orchestra (Instrumentalist)
Other Authors: Stern, Isaac, 1920-2001 (Instrumentalist), Rose, Leonard (Instrumentalist), Istomin, Eugene (Instrumentalist), Ormandy, Eugene, 1899-1985 (Conductor), Beethoven, Ludwig van, 1770-1827
Format: CD Audio
Language:No linguistic content
Published: [New York] : Columbia, [1965]
Subjects:

MARC

Tag First Indicator Second Indicator Subfields
LEADER 00000cjm a2200000 a 4500
001 in00004588310
008 900530s1965 nyuconn i n zxx d
007 sd bsmenn|||||
005 20220803143322.3
010 |z r 65002111   |z r 65002112  
035 |a (OCoLC)ocm21633521 
035 |a (OCoLC)ocm21633521 
040 |a OKO  |b eng  |c OKO  |d OCLCQ  |d OCLCG  |d OCLCQ  |d OCLCO  |d OCLCQ  |d OCLCA  |d OCLCF  |d OCLCA  |d OCLCO  |d OCLCQ  |d OCLCA  |d ORU  |d OCLCQ  |d ORU  |d OCLCA  |d OCLCQ  |d UMK  |d OCLCO  |d EYM  |d ENG  |d XFF  |d OCLCO  |d OCLCQ 
019 |a 68303964 
028 0 2 |a D2S720 (MS6718--MS6719)  |b Columbia 
035 |a (OCoLC)21633521  |z (OCoLC)68303964 
041 0 |g eng 
050 4 |a M1.2.B63  |b C35 
100 1 |a Brahms, Johannes,  |d 1833-1897,  |e composer. 
240 1 0 |a Concertos,  |m violin, cello,  |n op. 102,  |r A minor 
245 1 0 |a Concerto in A minor for violin, cello and orchestra, op. 102 /  |c Brahms. Concerto in C major for piano, violin, cello and orchestra, op. 56 / Beethoven. Trio no. 2 in C major for violin, cello and piano, op. 87 / Brahms. 
246 3 |a Gala performance! 
260 |a [New York] :  |b Columbia,  |c [1965] 
300 |a 2 audio discs ;  |c 12 in. 
306 |a 003353  |a 003600  |a 002923 
336 |a performed music  |b prm  |2 rdacontent 
337 |a audio  |b s  |2 rdamedia 
338 |a audio disc  |b sd  |2 rdacarrier 
344 |a analog  |2 rdatr 
344 |c 33 1/3 rpm 
344 |g stereo  |2 rdacpc 
382 0 1 |b violin  |n 1  |b cello  |n 1  |a orchestra  |e 1  |r 2  |t 1  |2 lcmpt 
382 0 1 |b violin  |n 1  |b cello  |n 1  |b piano  |n 1  |a orchestra  |e 1  |r 3  |t 1  |2 lcmpt 
382 0 1 |a violin  |n 1  |a cello  |n 1  |a piano  |n 1  |s 3  |2 lcmpt 
500 |a Gift from Gilbert and Thyra Plass Record Collection 
500 |a Columbia masterworks 
511 0 |a Isaac Stern, violin; Leonard Rose, violoncello; Eugene Istomin, piano; Philadelphia Orchestra; Eugene Ormandy, conductor. 
500 |a Durations: 33:53; 36:00; 29:23. 
500 |a Program notes by James Goodfriend and Roger Dettmer on container. 
500 |a Title on slipcase: Gala performance! 
505 0 |a Concerto in A minor for violin, cello, and orchestra, op. 102 (33:53); Trio no. 2 in C major for violin, cello, and piano, op. 87 (36:00) / Brahms -- Concerto in C major for piano, violin, cello and orchestra, op. 56 (29:23). 
650 0 |a Concertos (Violin and cello) 
650 0 |a Concertos (Piano trio) 
650 0 |a Piano trios. 
650 6 |a Concertos (Violon et violoncelle) 
650 6 |a Concertos (Trio pour piano) 
650 6 |a Trios pour piano. 
650 7 |a Concertos (Piano trio)  |2 fast  |0 (OCoLC)fst00873633 
650 7 |a Concertos (Violin and cello)  |2 fast  |0 (OCoLC)fst01860412 
650 7 |a Piano trios.  |2 fast  |0 (OCoLC)fst01063478 
655 7 |a Chamber music.  |2 fast  |0 (OCoLC)fst01726551 
655 7 |a Concertos.  |2 fast  |0 (OCoLC)fst01726450 
655 7 |a Concertos.  |2 lcgft 
655 7 |a Chamber music.  |2 lcgft 
655 7 |a Concertos.  |2 rvmgf 
655 7 |a Musique de chambre.  |2 rvmgf 
700 1 |a Stern, Isaac,  |d 1920-2001.  |4 itr 
700 1 |a Rose, Leonard.  |4 itr 
700 1 |a Istomin, Eugene.  |4 itr 
700 1 |a Ormandy, Eugene,  |d 1899-1985.  |4 cnd 
700 1 2 |a Beethoven, Ludwig van,  |d 1770-1827.  |t Concertos,  |m piano, violin, cello, orchestra,  |n op. 56,  |r C major. 
700 1 2 |a Brahms, Johannes,  |d 1833-1897.  |t Trios,  |m piano, violin, cello,  |n no. 2, op. 87,  |r C major. 
710 2 |a Philadelphia Orchestra.  |4 itr 
994 |a Z0  |b TXA 
948 |h HELD BY TXA - 43 OTHER HOLDINGS 
999 f f |s 6e876a70-e09f-4c56-84c3-444a2651c326  |i 6e876a70-e09f-4c56-84c3-444a2651c326  |t 0 
952 f f |p ric  |a Texas A&M University  |b Rellis Campus  |c Joint Library Facility  |d Remote Storage  |t 0  |e LP-1277  |h Other scheme  |i audio -- audio disc  |m A14851298662 
998 f f |a LP-1277  |t 0  |l Remote Storage